000 00708nam a2200241Ia 4500
003 OSt
005 20220924132722.0
006 a|||||r|||| 00| 0
007 ta
008 220923b |||||||| |||| 00| 0 per d
024 _a100757
037 _cTextual
040 _aARTS
_cARTS
_bper
041 _2per
_aper
082 _aV2316:1:K6, 164F7.1-.2 (+)
100 _aAli Muhammad Khan
245 0 _aMirat-i-Ahmadi : a history of Gujrat in Persian, ed by Nawab Ali
260 _c1927
490 _aGaekwad's oriental series, ed by B Bhattacharyya; 33,34
650 _aHISTORY
942 _hV2316:1:K6, 164F7.1-.2 (+)
_cTEXL
_2CC
999 _c431284
_d431284